Az I. kerületi tanács községpolitikai tervéből
Elmentve itt :
| Dokumentumtípus: | Cikk |
|---|---|
| Megjelent: |
1955-04-07
|
| Sorozat: | Délmagyarország
|
| Kulcsszavak: | Városfejlesztés Szeged 1955 |
| Online Access: | http://dmarchiv.bibl.u-szeged.hu/52783 |
| LEADER | 00425nab a2200145 i 4500 | ||
|---|---|---|---|
| 001 | delm52783 | ||
| 005 | 20180927141932.0 | ||
| 008 | 180927s1955 hu o 0|| hun d | ||
| 040 | |a SZTE Délmagyarország Archívum |b hun | ||
| 041 | |a hun | ||
| 245 | 0 | 3 | |a Az I. kerületi tanács községpolitikai tervéből |h [elektronikus dokumentum] |
| 260 | |c 1955-04-07 | ||
| 300 | |a 1 | ||
| 490 | 0 | |a Délmagyarország | |
| 695 | |a Városfejlesztés Szeged 1955 | ||